Do šampionátu by mal byť parkovací dom hotový tréningová hala už aj s mantinelmi

Bibliographic Details
Main Author: Tóth, Tomáš (Author)
Format: Article
Language:Slovak
Subjects:

MARC

LEADER 00000nab a2200000 a 4500
001 vtls010202751
003 SK-MaSNL
005 20260305044704.0
008 171108c20110108xo drz 0 0slo
038 |a KEVKJB 
040 |a KEVKJB  |b slo  |c KEVKJB  |e AACR2 
041 0 |a slo 
044 |a xo  |c SK 
080 |a 725.826:796.966  |2 2001 
080 |a 711.553  |2 2001 
100 1 |a Tóth, Tomáš  |4 aut  |9 822529 
245 1 0 |a Do šampionátu by mal byť parkovací dom hotový  |b tréningová hala už aj s mantinelmi  |c Tomáš Tóth 
300 |b Fotogr. 
610 2 7 |a Steel Aréna (Košice, Slovensko)  |x parkovací dom  |2 kevkjb  |9 1102984 
610 2 7 |a Steel Aréna (Košice, Slovensko)  |x tréningová hala  |2 kevkjb  |9 1036680 
650 0 7 |a zimné štadióny  |2 kevkjb  |9 76138 
650 0 7 |a parkovacie domy  |2 kevkjb  |9 1051283 
651 7 |a tréningové haly  |z Košice (Slovensko)  |2 kevkjb  |9 1036681 
651 7 |a Košice (Slovensko)  |2 kevkjb  |9 18694 
773 0 |t Košický Korzár  |g Roč. XIV., č. 5 (8.1.2011), s. 7  |x 1335-4566 
852 |a KEVKJB  |b KIS3GCP 
999 |c 3360021  |d 3361951